1497 1639 1761 1726 1825 1417 1359 1979 1319 1527 1025 1380 1508 1660 1029 1452 1939 1979 1279 1732 1709 1904 1598 1229 1830 1659 1738 1613 1174 1280 1400 1731 1825 1039 1414 1207 1920 1190 1994 1434 1176 1679 1133 1160 1564 1511 1173 1304 1951 1101 1114 1488 1421 1551 1097 1238 1079 1188 1208 1520 1790 1737 1273 1961 1383 1589 1372 1531 1754 1209 1067 1126 1364 1359 1663 1344 1911 1415 1122 1406 1438 1003 1071 1605 1617 1677 1261 1831 1117 1197 1069 1232 1624 1162 1022 1251 1564 1272 1789 BCNSPRNW ULIB Ver.6.0+V

เปลี่ยนเป็นภาษาไทย

Change to English
 แสดงรายละเอียดบรรณานุกรม
  กลับหน้าหลัก

Brief Record : Get Marc (ISO 2709) : E-mail record : QR code < ปิดหน้าต่าง
LEADER : 00000nam 2200000uu 4500
001    13399109370
003     ULIB
008    110330s2543||||th 000 0 tha d
020    08576521
060 04 WA900.JT3^bส674ส 2543
110 2  กองระบาดวิทยา
245 10 สรุปรายงานการเฝ้าระวังโรค 2543 =^bAnnual epidemiologicalsurveillance report 2000 /^cกองระบาดวิทยา สำนักงานปลัดกระทรวง กระทรวงสาธารณสุข
246 14 Annual summary
246 31 Annual epidemiological surveillance report ...
260    กรุงเทพฯ :^bกองระบาดวิทยา ,^c2543
300    425 หน้า :^bภาพประกอบ ;^c21 ซม.
650  2 Epidemiology^xyearbooks
650  7 ระบาดวิทยา^vหนังสือรายปี
650  7 ระบาดวิทยา^vสถิติ
710 2  สำนักระบาดวิทยา
710 2  กรมควบคุมโรค. ^bสำนักระบาดวิทยา
945    ^p0^l0^i014538
995    ทศพร
999 ^a ใช้งานได้ทุกระบบ
รายการนี้ยังไม่มีแท็ก
คุณยังไม่ได้ล็อกอิน คุณสามารถมีกิจกรรมร่วมกับเว็บไซต์ได้ แต่ต้องล็อกอินก่อน ::
  ล็อกอิน

รายการสื่อสารสนเทศ

ลำดับที่ ประเภท เลขเรียก/บาร์โค้ด สถานที่ สถานะ
- ไม่พบข้อมูล -

BibComment


ยังไม่เคยถูกคอมเมนท์

คอมเมนท์ทรัพยากรรายการนี้
  คอมเมนท์: สรุปรายงานการเฝ้า..


 Copyright 2026. Bcnsprnw @Library